| 000 | 00835nam a2200253 a 4500 | ||
|---|---|---|---|
| 001 | 000012198 | ||
| 005 | 20200929162735.0 | ||
| 008 | 091106s2006 dr a 000 0 spa d | ||
| 020 | _a9789993459064 | ||
| 040 |
_aDO-SdBNP _bspa _cBNPHU |
||
| 082 |
_a635.65 _bC389g |
||
| 100 | 1 |
_aCedano, Juan _928820 |
|
| 245 | 1 | 0 |
_aGuía técnica cultivo de guandul / _cJuan Cedan. |
| 260 |
_aSanto Domingo : _bCEDAF, _c2006. |
||
| 300 |
_a82 p. : _bil. ; _c28 cm. |
||
| 500 | _aIncluye referencias bibliográficas (p. 69-82) | ||
| 650 | 4 |
_aLegumbres _xVariedades _928821 |
|
| 650 | 4 |
_aGuandul _xCultivo _928822 |
|
| 650 | 4 |
_aGuandul _xProducción _928823 |
|
| 650 | 4 |
_aFrijoles _xEnfermedades y plagas _928824 |
|
| 650 | 4 |
_aGuandul _xIndustria y comercio _928825 |
|
| 710 | 2 |
_aCentro para el Desarrollo Agropecuario y Forestal _9519 |
|
| 049 | _aBNPD | ||
| 999 |
_c11863 _d11863 |
||